Statistics for Largest M Countries (with a semi-empty map)

Click here to take the quiz!

General Stats

  • This quiz has been taken 162 times
  • The average score is 194 of 196

Answers on the Map

Answers color-coded by a green-red scale on the quiz's map according to % correct below.
 

Answer Stats

country% Correct
x
100%
Mali
94%
Mexico
94%
Mongolia
93%
Mauritania
91%
Morocco
80%
Mozambique
77%
Madagascar
65%
Malawi
56%
Myanmar
56%
Malaysia
52%

Score Distribution

Percentile by Number Answered

Percent of People with Each Score

Your Score History

You have not taken this quiz